Sistema de seguridade social

Detalles Bibliográficos
Autor principal: Balera, Wagner
Formato: eBook
Lenguaje:portugués
Publicado: San Pablo: LTR Editora, 2014
Materias:
Acceso en línea:Acceso restringido

MARC

LEADER 00000nam a22000007a 4500
005 20150813210939.0
007 cr|||| ||||
008 150813s2014 br |||||s|||| 00||0 por d
020 |a 978-85-361-2981-5 
035 |a 12806 
040 |a vLex 
090 |c 5539  |d 5539 
100 1 |a Balera, Wagner 
245 1 0 |a Sistema de seguridade social  |h [Recurso electrn̤ico] /  |c Wagner Balera 
256 |a Servicio en ln̕ea 
260 |a San Pablo:  |b LTR Editora,  |c 2014 
300 |a 1 recurso electrn̤ico 
500 |a O sistema de seguridade social foi analisado, neste livro, como conjunto integrado de aė̳s e de serviȯs que, a cargo de toda sociedade e do Estado, deve ser implementado em prol do bem-estar da comunidade que vive no Brasil. A opȯ̂ ter̤ica do estudo desenvolve, dentre as diversas concepė̳s que existem sobre o fenm̥eno jurd̕ico, o enfoque sistm̊ico que se mostra apto a refletir sobre a totalidade do instrumental protetor, sem descurar de particularidades que informam os diferentes setores da seguridade social. Verificada a totalidade do acervo normativo, que se apresenta em constantes modificaė̳s e aperfeiȯamentos, capazes de atingir at ̌mesmo a Constituiȯ̂, o estudo conclui que a seguridade social se mostra adequada, pelo menos sob o prisma sistemt̀ico, ao cumprimento do seu escopo, ainda que a respectiva dinḿica exija, de modo permanente, adaptaė̳s e avanȯs. A seguridade social brasileira ̌chamada a cumprir grave e importante missô constitucional. Trata-se de engendrar nova realidade social mediante instrumental abrangente e necessr̀io, sem o qual a maioria da populaȯ̂ nô alcanȧr ̀vida digna. Munido de objetivos, ambiente, componentes, recursos e estrutura suficientes, o sistema de seguridade social est ̀preparado e posicionado para implementar a Ordem Social, com justiȧ, idealizada pelo constituinte. 
506 1 |a Disponible solo en los productos indicados  |d vLex Global  |d vLex Global (Academic Edition, excluding Law Schools)  |d vLex Global (U.S. Academic Edition, Law Schools)  |d vLex Global (U.S. Academic Edition, excluding Law Schools)  |d vLex Global (Academic Edition, Law Schools) 
650 0 4 |a Derecho Laboral y Seguridad Social  |z Brasil 
740 0 |a vLex Libros (Servicio en ln̕ea) 
856 4 0 |u http://vlex.com/source/sistema-de-seguridade-social-12806  |z Acceso restringido 
942 |c BOOK 
999 0 |a Labor and Social Security